000
00323nam a2200133Ia 4500
008
220524s9999 xx 000 0 und d
041
_a
eng
082
_a
1
100
_a
Fernandez Angel & Roig G. M.
_9
2853
245
_a
Drawing for fashion designers
260
_b
Batsford,London
650
_a
Drawing
_9
2854
906
_a
327
999
_c
5058
_d
5058